000 00833na a2200301 4500
001 16059
003 MIRAKIL
005 20181213155137.0
008 161011b tu 000 0
035 _a16059
040 _aMilas
_btur
_cTR-AnCHP
041 _atur
082 _aCHP 324.2172
_bS38p 1938
090 _aCHP 324.2172 S38p 1938
100 _aSevin, Nurettin
245 _aPedagojik temsiller
_bAnkara Halkevi : 30-5-1938
_cNurettin Sevin
260 _aAnkara
_bCHP
_c1938
300 _a21 s.
_c24 sm.
490 _aCHP Konferansları
_v1
490 _aKitap
_v23
650 _aEğitimbilim
_xToplantılar
650 _aÇocuk eğitimi
_xToplantılar
650 _aHalkevleri
_xToplantılar
657 _aHalkevi konferansları
657 _aCHp konferansları
740 _aCHP yayınları
942 _2ddc
_cBKS
999 _c7396
_d7396